00556 a2200181 450000500170000001000150001702000310003203500140006303700130007708200160009024500780010625000090018426000450019327000680023830000340030670000170034070000170035720211223144530.0 aENG-130556 a978-0-19-012681-0c1395.00 aEN-114088 bDBAD/PUB a796.0954b1 aGames We Play:bSports In South Asia/cEdited by Ronojoy Sen, Omita Goyal a2020 aNew DelhibOxford University Pressc2020 a22 Workspace, 2nd Floor, 1/22 Asaf Ali Road bNew Delhie110002 aix,xi,xiii, 336p.c22cm (hbk) aSen, Ronojoy aGoyal, Omita